| 000 | 00818nas a2200265 4500 | ||
|---|---|---|---|
| 001 | BR9803910 | ||
| 003 | BR-BrBNA | ||
| 005 | 20231205100845.0 | ||
| 007 | ta | ||
| 008 | 230509b bl.|||p| |||| 00| 00por d | ||
| 040 |
_aBR-BrBNA _bpor _cBiblioteca Nacional de Agricultura |
||
| 041 | _a(Pt) | ||
| 072 | _aS01 | ||
| 100 | 1 | _aGaleazzi, M.A.M. | |
| 100 | 1 | _aDomene, S.M.A. | |
| 100 | 1 | _aSichieri, R. | |
| 245 | 1 | _aEstudo multicentrico sobre consumo alimentar | |
| 650 | _aNutricao Humana | ||
| 650 | _aConsumo Alimentar | ||
| 650 | _aPadrao de Alimento | ||
| 650 | _aValor Nutritivo | ||
| 773 | 0 |
_tCadernos de Debate do Nucleo de Estudos e Pesquisas em Alimentacao (Brazil) _xISSN 1413-4136 _g(1997), (Special Number) p. 11-62 _wBR9803910 |
|
| 909 |
_a202311 _bLúcia _c55 _dLúcia Elande |
||
| 942 |
_2AGRIS _n0 _cANA |
||
| 999 |
_c158470 _d158470 |
||